Khảo sát một số chỉ tiêu lý hóa và hiệu quả của một số mô hình xử lý nước thải tại cơ sở giết mổ gia súc gia cầm trên địa bàn tỉnh Bến Tre : Luận án thạc sĩ Nông Nghiệp: Chuyên ngành: Thú Y

Đề tài "Khảo sát một số chỉ tiêu lý hóa và hiệu quả của một số mô hình xử lý nước thải tại cơ sở giết mổ gia súc gia cầm trên địa bàn tỉnh Bến Tre" được tiến hành từ tháng 3 năm 2012 đến tháng 9 năm 2012 với mục tiêu đánh g...

Popoln opis

Shranjeno v:
Bibliografske podrobnosti
Glavni avtor: Trần, Thị Hồng Vân
Format: Knjiga
Jezik:Undetermined
Izdano: Cần Thơ Đại học Cần Thơ 2013
Teme:
Oznake: Označite
Brez oznak, prvi označite!
Thư viện lưu trữ: Trung tâm Học liệu Trường Đại học Cần Thơ
LEADER 01619nam a2200229Ia 4500
001 CTU_183279
008 210402s9999 xx 000 0 und d
082 |a 579.344 
082 |b V121 
088 |a 60640101 
100 |a Trần, Thị Hồng Vân 
245 0 |a Khảo sát một số chỉ tiêu lý hóa và hiệu quả của một số mô hình xử lý nước thải tại cơ sở giết mổ gia súc gia cầm trên địa bàn tỉnh Bến Tre : 
245 0 |b Luận án thạc sĩ Nông Nghiệp: Chuyên ngành: Thú Y 
245 0 |c Trần Thị Hồng Vân ; Nguyễn Nhựt Xuân Dung (Người hướng dẫn khoa học) 
260 |a Cần Thơ 
260 |b Đại học Cần Thơ 
260 |c 2013 
520 |a Đề tài "Khảo sát một số chỉ tiêu lý hóa và hiệu quả của một số mô hình xử lý nước thải tại cơ sở giết mổ gia súc gia cầm trên địa bàn tỉnh Bến Tre" được tiến hành từ tháng 3 năm 2012 đến tháng 9 năm 2012 với mục tiêu đánh giá chất lượng nước thải theo Quy chuẩn kỹ thuật quốc gia QCQG 40 : 2011/BTNMT và so sánh hiệu quả của 3 mô hình xử lý nước thải trên địa bàn tỉnh Bến Tre. 
650 |a Xử lý nước thải lò mổ,Microbiology,Sewerage 
650 |x Purification 
904 |i Trần Thị Nhơn Ái 
980 |a Trung tâm Học liệu Trường Đại học Cần Thơ